000 00978naa a2200253 4500
001 45581
003 ES-MaCES
005 20150925142056.0
008 000000s2014 xxu||||| t||||||| ||eng d
040 _aES-MaCES
_bspa
_cES-MaCES
100 1 _935477
_aWen, Jean-François
245 1 0 _aAn empirical model of tax convexity and self-employment
_cJean-François Wen and Daniel V. Gordon
500 _aResumen
504 _aBibliografía: p. 482
650 4 _930170
_atrabajo a cuenta propia
650 4 _928084
_aimpuesto sobre la renta de personas físicas
650 4 _929432
_amodelo matemático
653 1 0 _aFiscalidad
650 4 _928086
_aimpuesto
700 1 _935479
_aGordon, Daniel V.
773 0 _981957
_dAmsterdam (P.O. Box 1991, 1000 BZ) Elsevier Science
_o084862
_tThe review of Economics and Statistics
_w(ES-MaCES)25211
_gvol. 96, no. 3 (July 2014) {10195 R. 084862} ;p. 471-482
902 _aART Artículo de revista
942 _2CES
_cAR
_h0.1.
999 _c45581
_d45581